000 00484nam a2200181Ia 4500
008 131103s9999 xx 000 0 und d
040 _aLoreto College
041 _aEnglish
082 _a922/OZA
_bLCLIB
100 _aSchimberg, Albert Paul
245 4 _aThe great friend
_bFrederick Ozanam
_cAlbert Paul Schimberg
260 _aLondon
_bBruce
_c1946
300 _a344p.
_c 22cm.
650 _aOzanam, Frederick
651 _aBiography
850 _aLCLIB/922/OZA
942 _cBK
999 _c25525
_d76004